Aguardiente y la noche buena de los milicianos en San Jerónimo, Guatemala, 1892 /
Guardado en:
| Autor principal: | |
|---|---|
| Formato: | Texto |
| Materias: | |
| Etiquetas: |
Agregar Etiqueta
Sin Etiquetas, Sea el primero en etiquetar este registro!
|
MARC
| LEADER | 00000 a a2200000 04500 | ||
|---|---|---|---|
| 001 | 9595 | ||
| 003 | |||
| 040 | |||
| 100 | |a Gudmundson, Lowell | ||
| 245 | |a Aguardiente y la noche buena de los milicianos en San Jerónimo, Guatemala, 1892 / |c Lowell Gudmundson | ||
| 650 | |a AZUCAR DE CAÑA | ||
| 650 | |a DESTILACION | ||
| 650 | |a ESCLAVITUD | ||
| 650 | |a COLONIALISMO | ||
| 650 | |a INDEPENDENCIA | ||
| 650 | |a RELACIONES INTERETNICAS | ||
| 650 | |a GENERO | ||
| 650 | |a TRABAJADORAS | ||
| 650 | |a VIOLENCIA | ||
| 650 | |a AUTORIDADES NACIONALES | ||
| 650 | |a GUATEMALA | ||
| 773 | |g volumen 27, número 48; páginas 68-105 | ||
| 999 | |c 25233 |d 25233 | ||
